00383nam a2200133Ia 4500008004100000020001500041041001200056082001600068100001800084245008800102260003700190300000800227650001400235221030s9999 xx 000 0 und d a8187433299 aEnglish a105.23bCha aB. S. Chhabra 4aThe Intel 8086/8088 Microprocessor, Architecture, Programming, Design & Interfacing bDhanpat Rai PubaNew Delhic2002 a673 aComputers